The CAMBRIDGE companion to the French enlightenment

Kaydedildi:
Detaylı Bibliyografya
Materyal Türü: Kitap
Dil:İngilizce
Baskı/Yayın Bilgisi: Cambridge University Press 2014
Etiketler: Etiketle
Etiket eklenmemiş, İlk siz ekleyin!

MARC

LEADER 00000nam a22000007a 4500
008 210816b ||||| |||| 00| 0 eng d
020 |a 9781107626140 
245 |a The CAMBRIDGE companion to the French enlightenment  |c edited by Daniel Brewer  |g xvi,244p.:ill. 
260 |b Cambridge University Press  |c 2014  |h Cambridge  |i 696820  |i 696821  |l B1925.E5C14  |m Enlightenment-- France  |m Philosophy, French--18th century  |m France--Intellectual life--18th century 
500 |a It includes index 
942 |a lcc  |c BK  |e Kuteyi, M. A.  |f 16/8/2021 
952 |0 0  |1 0  |2 lcc  |4 0  |6 B1925 E5 C14  |7 0  |9 3049  |a HOL  |b HOL  |c AF  |d 2021-08-16  |l 0  |o B1925.E5C14  |p 2021-66748  |r 2021-08-16 00:00:00  |w 2021-08-16  |y BK 
952 |0 0  |1 0  |2 lcc  |4 0  |6 B1925 E5 C14  |7 0  |9 3050  |a HOL  |b ART  |c AF  |d 2021-08-16  |l 0  |o B1925.E5C14  |p 2021-66749  |r 2021-08-16 00:00:00  |w 2021-08-16  |y BK 
999 |c 1545  |d 1545